Tout - Squeezie - Statistiques

Statistiques générales
  • Ce quiz a été pris 101 fois
  • Le résultat moyen est 96 sur 268
Statistiques - réponses
Réponse % Correct
l'
81%
L'
81%
T'
71%
t'
71%
a
68%
à
68%
J'
65%
j'
65%
Le
53%
le
53%
Tout
51%
tout
51%
Je
50%
je
50%
ce
47%
de
46%
que
46%
se
46%
ces
44%
Et
43%
et
43%
les
42%
pas
42%
ta
42%
veux
42%
C'est
40%
c'est
40%
Un
40%
un
40%
ça
39%
on
39%
au
38%
du
38%
me
38%
aimer
35%
as
35%
avoue
35%
dans
35%
en
35%
nous
35%
tes
35%
passé
33%
tu
33%
désamour
32%
erreurs
32%
Qui
32%
qui
32%
blessé
31%
est
31%
noyer
31%
peux
31%
t'ai
31%
t'aime
31%
dit
29%
espérer
29%
jamais
29%
Mais
29%
mais
29%
Mes
29%
matin
28%
qu'on
28%
soir
28%
autre
26%
autres
26%
coeurs
26%
dis
26%
envie
26%
même
26%
défauts
25%
être
25%
leurs
25%
si
25%
soigner
25%
cassés
24%
ton
24%
quel
22%
croire
21%
gamin
21%
n'importe
21%
temps
21%
voulais
21%
attends
19%
beau
19%
encore
19%
sans
19%
visage
19%
compte
18%
Continue
18%
d'y
18%
jolie
18%
paysage
18%
Pour
18%
signe
18%
sont
18%
alourdis
17%
fous
17%
j'attends
17%
plus
17%
présent
17%
reflète
17%
retiennes
17%
écran
15%
incertain
15%
jours
15%
l'air
15%
m'dit
15%
m'incline
15%
rebours
15%
rêves
15%
vois
15%
atteint
14%
avec
14%
devenu
14%
d'soigner
14%
jalousie
14%
saisit
14%
tort
14%
brûle
13%
courent
13%
grands
13%
j'les
13%
m'y
13%
finir
11%
névroses
11%
oppose
11%
réussis
11%
cet
10%
homme
10%
voir
10%
Aucun quiz correspondant
Distribution des résultats
% des personnes avec chaque résultat
Percentile par nombre de réponses
Votre historique - résultats
Vous n’avez pas pris ce quiz